Wojwodina i jej Rusini
| Titel: | Wojwodina i jej Rusini : o języku, kulturze i historii Rusinów wojwodińskich = Vojvodina and its Ruthenians : about the language, culture and history of Ruthenians in Vojvodina = Vojvodina i njeni Rusini : o jeziku, istoriji i kulturi vojvođanskih Rusina = Vojvodyna y ėj Rusnacy : o jazyku, kultury y ystoryï vojvodjanskych Rusnacoch / Tomasz Kwoka |
|---|---|
| Verfasser: | |
| Veröffentlicht: | Kraków : Wydawnictwo Księgarnia Akademicka, 2023 |
| Umfang: | 460 Seiten : Illustration, 1 Karte ; 24 cm |
| Format: | Buch |
| Sprache: | Polnisch |
| Andere Ausgaben: |
Erscheint auch als Online-Ausgabe, PDF
Войводина и ėй Руснаци |
| ISBN: | 9788381389310 |
| Hinweise zum Inhalt: |
Inhaltsverzeichnis
Buch Bibliographie Cover Register Abstract |
alg: 51887335 001A $03004:06-06-24 001B $01999:04-12-25 $t22:14:36.000 001D $03004:06-06-24 001U $0utf8 001X $00 002@ $0Aau 002C $aText $btxt $2rdacontent 002D $aohne Hilfsmittel zu benutzen $bn $2rdamedia 002E $aBand $bnc $2rdacarrier 003@ $0518873358 004A $A978-83-8138-931-0 006C $01430765911 $aOCoLC 007A $0BV049495910 $aBVB 007G $0DE02037E020125DC5D9C6C1258B5D00451AA8 009P $qapplication/pdf $A2 $3Inhaltsverzeichnis $uhttp://scans.hebis.de/HEBCGI/show.pl?51887335_toc.pdf $mV:DE-603;B:DE-Mb50 009P $qapplication/pdf $A2 $3Buch Bibliographie $uhttp://scans.hebis.de/HEBCGI/show.pl?51887335_bib.pdf $mV:DE-603;B:DE-Mb50 009P $qapplication/pdf $A2 $3Cover $uhttp://scans.hebis.de/HEBCGI/show.pl?51887335_cov.pdf $mV:DE-603;B:DE-Mb50 009P $qapplication/pdf $A2 $3Register $uhttp://scans.hebis.de/HEBCGI/show.pl?51887335_idx.pdf $mV:DE-603;B:DE-Mb50 009P $qapplication/pdf $A2 $3Abstract $uhttp://scans.hebis.de/HEBCGI/show.pl?51887335_sum.pdf $mV:DE-603;B:DE-Mb50 010@ $apol 010E $erda 011@ $a2023 $n2023 021A $aWojwodina i jej Rusini $do języku, kulturze i historii Rusinów wojwodińskich $fVojvodina and its Ruthenians $fabout the language, culture and history of Ruthenians in Vojvodina $fVojvodina i njeni Rusini $fo jeziku, istoriji i kulturi vojvođanskih Rusina $fVojvodyna y ėj Rusnacy $fo jazyku, kultury y ystoryï vojvodjanskych Rusnacoch $hTomasz Kwoka 027A $aO języku, kulturze i historii Rusinów wojwodińskich 028A $BVerfasser $4aut $7 $8Kwoka, Tomasz [Tnu] $9402381777 033A $pKraków $nWydawnictwo Księgarnia Akademicka 034D $a460 Seiten 034I $a24 cm 034M $aIllustration, 1 Karte 037A $aLiteraturverzeichnis Seite 431-454 039D $aErscheint auch als $z978-83-8138-932-7 $nOnline-Ausgabe, PDF 039D $aВойводина и ėй Руснаци $T01 $UCyrl 044K $#Wojwodina $#Воjводина $#Vojvodina $#Woiwodina $#Voivodina $#Autonomna Pokrajina Vojvodina $#AP Vojvodina $#SAP Vojvodina $#Sozialistische Autonome Provinz Wojwodina $#Provincia Sociăliste Ăutonome Voivodina $#Vlade Autonomne Pokrajine Vojvodine $#APV $74066811-3 $8Wojwodina [Tg1] $9085187887 044K $RUkrainer $#Rusinen $#Rusnaki $#Rusnáci $#Ruthenen Russinen $74362982-9 $8Russinen [Ts1] $9088294404 044K $ROstslawische Sprachen $#Russinisch $#Ruthenisch Rusinisch $#Karpatoukrainisch Rusinisch $#Carpatho-Russian $74178735-3 $8Rusinisch [Ts1] $9085848034 044K $RGruppe $#Minorities $#Minorités $#Minderheit $#Minderheit $#Minderheit $#Minderheitsgruppe $#Minorität $#Minoritätsgruppe $74752223-9 $8Minderheit [Ts1] $9114439052 044K $RKulturphilosophie $RZivilisation $#Civilization $#Culture $#Civilisation $#Culture $#Cultura $#Civilización $#Kultur $#Kultur $#kulturelle Faktoren $74125698-0 $8Kultur [Tsz] $9085424803 044K $RRusinisch $#Carpatho-Rusyn language $#Ruthène (langue) $#Karpatorusinisch Schriftsprache $#Karpato-Russinisch $#Karpato-Ruthenisch $#Karpathorusinisch $74567144-8 $8Karpatorusinisch [Ts1] $9090747577 044K $RKarpatorusinisch $RKarpatoukrainisch $RHuzulen $#Huculisch $74329861-8 $8Huzulisch [Ts1] $9088080439 044K $RSprachenfrage $#Language policy $#Politique linguistique $#Politica linguistica $#Política lingüística $#Sprachpolitik $#Sprachenpolitik $#Sprachenpolitik $#Sprachenpolitik $#Sprachplanung $74077732-7 $8Sprachpolitik [Ts1] $9085220256 044K $RSerbien und Montenegro $#Serbien $#Serbien $#Nachfolgestaaten Jugoslawiens $#Serbien $#Serbien (vor 1918) $#Србиja $#Serbie $#République Populaire de Serbie $#RP de Serbie $#Narodna Republika Srbija $#Socijalistička Republika Srbija $#Serbien Gebiet unter Deutscher Besatzung, 1941-1944 $#Besetztes Serbisches Gebiet $#Okupirana Srpska Teritorija $#Kraljevina Srbija $#Royaume de Serbie $#NR Srbije $#SR Srbije $#Sozialistische Republik Serbien $#SRS $#NRS $#Fürstentum Serbien $#Altserbien $#Königreich Serbien $#Republika Srbija $#Republic of Serbia $#Republik Serbien $#Srbija $#Serbien ab 2006 $#SR Srbija Socijalistička republika Srbija $#Serbia ab 2006 $#Serbia $#Srbija ab 2006 $#Socijalistička republika Srbija $74054598-2 $8Serbien [Tg1] $9085151912 044K $RSHS-Staat $RFöderative Republik Jugoslawien $#Jugoslawien (bis 1990) $#Jugoslawien $#Jugoslawien (bis 1991/92) $#Jugoslavija $#FNRJ $#FNR Jugoslavija $#SFRJ $#SFRJU $#SFR Jugoslavija $#Federal People's Republic of Yugoslavia $#FPR Yugoslavia $#FPRY $#Socialist Federal Republic of Yugoslavia $#SFR Yugoslavia $#Föderative Volksrepublik Jugoslawien $#FVRJ $#Yugoslavija $#République Socialiste Fédérative de Yougoslavie $#Socialistična Federativna Republika Jugoslavija $#Socialističeskaja Federativnaja Respublika Jugoslavija $#Yugoslavıya $#Demokratska Federativna Jugoslavija $#Savezna Republika Jugoslavija $#Federal Republic of Yugoslavija $#Sojuznaja Respublika Jugoslavii $#Federativna Narodna Republika Jugoslavija $#Socijalistička Federativna Republika Jugoslavija $#Yugoslavia $#Yougoslavie $#Sozialistische Föderative Republik Jugoslawien $#Kraljevina Jugoslavija $#Königreich Jugoslawien $74028966-7 $8Jugoslawien [Tg1] $9085076538 045F $a305.8009438 $eDDC23BSB 045F/01 $a305.8009 045F/03 $g438 045F/03 $g477 045R $aGeschichte 046L $aZusammenfassungen englisch, polnisch, ukrainisch, russinisch lok: 51887335 24 exp: 51887335 24 1 #EPN 201B/01 $025-06-24 $t11:12:04.000 201C/01 $006-06-24 201U/01 $0utf8 203@/01 $01264652631 208@/01 $a25-06-24 $bz 209A/01 $a24.03433 $du $f050 $h24 03433 $x00 209C/01 $a24.03433 K $h24 03433 K 209G/01 $a74889441 $x00 220C/01 $ahae 247C/01 $8358050-7Marburg, Bibliothek des Herder-Instituts Marburg $9102600961
| LEADER | 00000cam a2200000 c 4500 | ||
|---|---|---|---|
| 001 | 518873358 | ||
| 003 | DE-603 | ||
| 005 | 20251204221436.0 | ||
| 007 | tu | ||
| 008 | 240606s2023 xx |||| | u00||u|pol c | ||
| 020 | |a 9788381389310 | ||
| 035 | |a (DE-599)BVBBV049495910 | ||
| 040 | |a DE-603 |b ger |c DE-603 |d DE-603 |e rda | ||
| 041 | |a pol | ||
| 082 | 0 | 4 | |8 1\u |a 305.8009438 |q DE-101 |2 23/BSB |
| 085 | |8 1\u |b 305.8009 | ||
| 085 | |8 1\u |z 2 |s 438 | ||
| 085 | |8 1\u |z 2 |s 477 | ||
| 100 | 1 | |a Kwoka, Tomasz |e Verfasser |4 aut |0 (DE-603)402381777 | |
| 245 | 0 | 0 | |a Wojwodina i jej Rusini |b o języku, kulturze i historii Rusinów wojwodińskich = Vojvodina and its Ruthenians : about the language, culture and history of Ruthenians in Vojvodina = Vojvodina i njeni Rusini : o jeziku, istoriji i kulturi vojvođanskih Rusina = Vojvodyna y ėj Rusnacy : o jazyku, kultury y ystoryï vojvodjanskych Rusnacoch |c Tomasz Kwoka |
| 246 | 1 | 3 | |a O języku, kulturze i historii Rusinów wojwodińskich |
| 264 | 1 | |a Kraków |b Wydawnictwo Księgarnia Akademicka |c 2023 | |
| 300 | |a 460 Seiten |b Illustration, 1 Karte |c 24 cm | ||
| 336 | |a Text |b txt |2 rdacontent | ||
| 337 | |a ohne Hilfsmittel zu benutzen |b n |2 rdamedia | ||
| 338 | |a Band |b nc |2 rdacarrier | ||
| 500 | |a Literaturverzeichnis Seite 431-454 | ||
| 546 | |a Zusammenfassungen englisch, polnisch, ukrainisch, russinisch | ||
| 648 | 7 | |a Geschichte |2 gnd | |
| 650 | 7 | |a Russinen |0 (DE-588)4362982-9 |0 (DE-603)088294404 |2 gnd | |
| 650 | 7 | |a Rusinisch |0 (DE-588)4178735-3 |0 (DE-603)085848034 |2 gnd | |
| 650 | 7 | |a Minderheit |0 (DE-588)4752223-9 |0 (DE-603)114439052 |2 gnd | |
| 650 | 7 | |a Kultur |0 (DE-588)4125698-0 |0 (DE-603)085424803 |2 gnd | |
| 650 | 7 | |a Karpatorusinisch |0 (DE-588)4567144-8 |0 (DE-603)090747577 |2 gnd | |
| 650 | 7 | |a Huzulisch |0 (DE-588)4329861-8 |0 (DE-603)088080439 |2 gnd | |
| 650 | 7 | |a Sprachpolitik |0 (DE-588)4077732-7 |0 (DE-603)085220256 |2 gnd | |
| 651 | 7 | |a Wojwodina |0 (DE-588)4066811-3 |0 (DE-603)085187887 |2 gnd | |
| 651 | 7 | |a Serbien |0 (DE-588)4054598-2 |0 (DE-603)085151912 |2 gnd | |
| 651 | 7 | |a Jugoslawien |0 (DE-588)4028966-7 |0 (DE-603)085076538 |2 gnd | |
| 776 | 0 | 8 | |i Erscheint auch als |n Online-Ausgabe, PDF |z 9788381389327 |
| 776 | 0 | 8 | |6 880-01/Cyrl |i Войводина и ėй Руснаци |
| 856 | 4 | 2 | |m V:DE-603;B:DE-Mb50 |q application/pdf |u http://scans.hebis.de/HEBCGI/show.pl?51887335_toc.pdf |3 Inhaltsverzeichnis |
| 856 | 4 | 2 | |m V:DE-603;B:DE-Mb50 |q application/pdf |u http://scans.hebis.de/HEBCGI/show.pl?51887335_bib.pdf |3 Buch Bibliographie |
| 856 | 4 | 2 | |m V:DE-603;B:DE-Mb50 |q application/pdf |u http://scans.hebis.de/HEBCGI/show.pl?51887335_cov.pdf |3 Cover |
| 856 | 4 | 2 | |m V:DE-603;B:DE-Mb50 |q application/pdf |u http://scans.hebis.de/HEBCGI/show.pl?51887335_idx.pdf |3 Register |
| 856 | 4 | 2 | |m V:DE-603;B:DE-Mb50 |q application/pdf |u http://scans.hebis.de/HEBCGI/show.pl?51887335_sum.pdf |3 Abstract |
| 924 | 0 | |9 Mb 50 |a (DE-603)1264652631 |b DE-Mb50 |c HES |d c |g 24.03433 | |


